Pago Pago International Airport Destinations (Pago Pago, Am. Samoa) - Statistics

General Stats
  • This quiz has been taken 26 times
    17 since last reset
  • The average score is 3 of 5
Answer Stats
Airline Destination % Correct
Hawaiian Airlines Honolulu
92%
Samoa Airways Apia (Fagali'i)
69%
Samoa Airways/Talofa Airways Apia (Faleolo)
69%
Samoa Airways Fitiuta
23%
Samoa Airways Ofu
15%
No matching quizzes found
Score Distribution
Percent of People with Each Score
Percentile by Number Answered
Your Score History
You have not taken this quiz since the last reset